000 01026nam a22003137a 4500
003 CHAP
005 20220329141553.0
008 971013s1978 us r 00010 eng d
010 _a70303
011 _a71275
035 _a80829
040 _cCHAP
082 0 4 _a574.0182
_bD3 1978
100 0 0 _aDaniel, Wayne W.
_931034
245 1 _aBiostatistics
_b: a foundation for analysis in the health sciences
250 _a2 ed.
260 _aNew York :
_bWiley,
_c1978
300 _a504 p.
_b; gráfs
490 _aWiley series in probability and mathematical statistics
590 _aBATCH-UPD
_b10
_c20130110
_lUCH01
_h1627
590 _aBATCH-UPD
_b10
_c20130410
_lUCH01
_h1020
590 _aBATCH-UPD
_b10
_c20130914
_lUCH01
_h0636
590 _aCONVERSION
_b10
_c20130109
_lUCH01
_h1339
650 1 4 _aBiometría.
_912831
830 0 _aWiley series in probability and mathematical statistics
_9121943
901 _aBK
942 _cLIBRO
949 _a574.0182 D3 1978
_bBC
_cLIBRO
_d33724000508198
_eLIBRO
_h27742
_i80829
_si
_t405.00
999 _c70303
_d70303